Statistics for Weird Knowledge#1

Click here to take the quiz!

General Stats

  • This quiz has been taken 33 times
  • The average score is 4 of 10

Answer Stats

HintAnswer% Correct
The average brain weights how many pounds?3
86%
An ostriches eye is bigger than what body part that starts with a B?Brain
64%
Peanuts aren't nuts, what are they?Legumes
61%
In 1919, pitcher Ray Caldwell got hit/struck by what, but finished pitching the game?Lightning
43%
Abraham Lincoln's son life was saved by whose brother?John Wilkes Booth
36%
The worlds largest french fry was how many inches long?34
32%
Abraham Lincoln lost how many elections before he was elected?Five
11%
The G on the Green Bay Packers helmet stands for what? Hint: not Green Bay.Greatness
11%
What was the first animal in space?Fruit flies
7%
Golf and what other sport has been played in space?Javelin toss
7%

Score Distribution

Percentile by Number Answered

Percent of People with Each Score

Your Score History

You have not taken this quiz